| 000 | 00844nam a2200277Ia 4500 | ||
|---|---|---|---|
| 003 | OSt | ||
| 005 | 20221006160717.0 | ||
| 006 | a|||||r|||| 00| 0 | ||
| 007 | ta | ||
| 008 | 221006b |||||||| |||| 00| 0 eng d | ||
| 020 |
_a9780824835378 _c3068.00 |
||
| 024 | _a46,121 | ||
| 037 |
_bGift, Japan Foundation _cTextual |
||
| 040 |
_aEASL _cEASL _beng |
||
| 041 |
_2eng _aeng |
||
| 082 | _aNQ42,N, Q2 | ||
| 100 |
_aWinther-Tamaki Bert _9674733 |
||
| 245 | 0 |
_aMaximum embodiment _b Yoga, the western painting of Japan, 1912-1955 |
|
| 260 |
_aHonolulu _bUniversity of Hawai'i Press _c2012 |
||
| 300 |
_a236p. _ccm. |
||
| 490 | _v JEL | ||
| 650 | _a JEL | ||
| 650 |
_aPainting - Japanese - Western style _9674734 |
||
| 942 |
_hNQ42,N, Q2 _cTEXL _2CC |
||
| 999 |
_c1114213 _d1114213 |
||